000 00397nam a22001337a 4500
999 _c15705
_d15705
003 OSt
082 _a631.3
_bSRE/B
088 _aT 437
100 _aSreedhara B
_94204
245 _aDevelopment and testing of a power operate pre-germinated paddy seed broadcaster
260 _aTavanur
_bDepartment of Farm machinery and Power engineering
_c2019
700 _aManoj Mathew (guide)
_94211
942 _cTH